| 000 | 00808nam a2200265Ia 4500 | ||
|---|---|---|---|
| 001 | 934 | ||
| 003 | GE_BSU | ||
| 008 | 181216s||||||||xx |||||||||||||| ||und|| | ||
| 020 | _a5211044800 | ||
| 040 | _cGE_BSU | ||
| 080 | _a575.1(075.8):573(075.8) | ||
| 100 | _aКорочкин,Л.И. | ||
| 245 | _aБиология индивидуального развития(Генетический аспект) | ||
| 245 | _bУч-к для студ. биологических спец. | ||
| 260 | _aМосква | ||
| 260 | _bМГУ | ||
| 260 | _c2002 | ||
| 300 | _a264стр. | ||
| 541 | _h30л. | ||
| 653 | _aБиология индивидуального развития | ||
| 653 | _aГенетика | ||
| 653 | _aბიოლოგია | ||
| 653 | _aგენეტიკა | ||
| 942 | _cBK | ||
| 999 |
_c35093 _d35093 |
||